The revival of marxism

محفوظ في:
التفاصيل البيبلوغرافية
المؤلف الرئيسي: Nicholson, J. Shield
التنسيق: كتاب
اللغة:Undetermined
منشور في: London John Murray 1921
الموضوعات:
الوسوم: إضافة وسم
لا توجد وسوم, كن أول من يضع وسما على هذه التسجيلة!
Thư viện lưu trữ: Trung tâm Học liệu Trường Đại học Cần Thơ
LEADER 00490nam a2200181Ia 4500
001 CTU_81811
008 210402s9999 xx 000 0 und d
082 |a 335.4 
082 |b N624 
100 |a Nicholson, J. Shield 
245 4 |a The revival of marxism 
245 0 |c J. Shield Nicholson 
260 |a London 
260 |b John Murray 
260 |c 1921 
650 |a Marx, karl, 1818-1883.,Socialism 
904 |i Trọng Hải 
980 |a Trung tâm Học liệu Trường Đại học Cần Thơ